000 00683nam a2200205Ia 4500
003 IN-BaIIA
008 211028s9999 xx 000 0 eng d
020 _a0-201-13189-7
040 _cIIA Library
080 _a681.1
_bMOO
100 _aMoore, J. H
_915739
245 0 _aBuilding scientific apparatus
_ba practical guide to design and construction
_cJohn H. Moore, Christopher C. Davis and Michael A. Coplan
250 _a2nd ed.
260 _aMassachusetts
_bAddison-Wesley
_c1989
300 _axvi, 549p.
650 _aScientific apparatus, Precision instruments, Instrument manufacture
_919597
700 _aCoplan, M. A.
_915741
700 _aDavis, C.
_919598
942 _cBK
999 _c11390
_d11390